<?xml version="1.0" encoding="UTF-8"?><?xml-stylesheet type="text/xsl" href="static/style.xsl"?><OAI-PMH xmlns="http://www.openarchives.org/OAI/2.0/" xmlns:xsi="http://www.w3.org/2001/XMLSchema-instance" xsi:schemaLocation="http://www.openarchives.org/OAI/2.0/ http://www.openarchives.org/OAI/2.0/OAI-PMH.xsd"><responseDate>2026-06-29T01:18:51Z</responseDate><request verb="GetRecord" identifier="oai:docta.ucm.es:20.500.14352/125507" metadataPrefix="marc">https://docta.ucm.es/rest/oai/request</request><GetRecord><record><header><identifier>oai:docta.ucm.es:20.500.14352/125507</identifier><datestamp>2025-10-31T00:45:50Z</datestamp><setSpec>com_20.500.14352_14</setSpec><setSpec>col_20.500.14352_15</setSpec></header><metadata><record xmlns="http://www.loc.gov/MARC21/slim" xmlns:dcterms="http://purl.org/dc/terms/" xmlns:xsi="http://www.w3.org/2001/XMLSchema-instance" xmlns:doc="http://www.lyncode.com/xoai" xsi:schemaLocation="http://www.loc.gov/MARC21/slim http://www.loc.gov/standards/marcxml/schema/MARC21slim.xsd">
   <leader>00925njm 22002777a 4500</leader>
   <datafield ind2=" " ind1=" " tag="042">
      <subfield code="a">dc</subfield>
   </datafield>
   <datafield ind2=" " ind1=" " tag="720">
      <subfield code="a">Sánchez Gómez, Rubén</subfield>
      <subfield code="e">author</subfield>
   </datafield>
   <datafield ind2=" " ind1=" " tag="720">
      <subfield code="a">López Capapé, David</subfield>
      <subfield code="e">author</subfield>
   </datafield>
   <datafield ind2=" " ind1=" " tag="720">
      <subfield code="a">López López, Daniel</subfield>
      <subfield code="e">author</subfield>
   </datafield>
   <datafield ind2=" " ind1=" " tag="720">
      <subfield code="a">Rodríguez Sanz, David</subfield>
      <subfield code="e">author</subfield>
   </datafield>
   <datafield ind2=" " ind1=" " tag="720">
      <subfield code="a">Soriano Medrano, Alfredo</subfield>
      <subfield code="e">author</subfield>
   </datafield>
   <datafield ind2=" " ind1=" " tag="720">
      <subfield code="a">Morales Ponce, Ángel</subfield>
      <subfield code="e">author</subfield>
   </datafield>
   <datafield ind2=" " ind1=" " tag="260">
      <subfield code="c">2013-01-04</subfield>
   </datafield>
   <datafield ind2=" " ind1=" " tag="520">
      <subfield code="a">Las lesiones del tendón de Aquiles son un motivo frecuente de consulta en el ámbito de la podología y de la cirugía del pie y tobillo. El dolor del tercio medio del tendón es un problema habitual en corredores, pero también se ve en pacientes sedentarios. El término correcto para referirnos a esta lesión es el de tendinopatía aquílea no insercional. Existen numerosos tratamientos que intentan disminuir el dolor y mejorar la función del tejido lesionado. Los medios conservadores suelen tener buenos resultados, pero existe un porcentaje de pacientes que precisan cirugía. Presentamos una técnica poco invasiva para esta patología en la que utilizamos un dispositivo de radiofrecuencia para tratar la tendinosis.</subfield>
   </datafield>
   <datafield ind2=" " ind1=" " tag="520">
      <subfield code="a">Achilles tendon injuries are a common disease in podiatric and foot and ankle surgery consultation. Midportion pain is a frequent problem in runners but could be seen in sedentary people too. Correct term for this condition is non insertional Achilles tendinopathy. There are many treatment options that try to reduce the pain and improve the function of damaged tissue. Conservative treatments usually have good results but there are some cases that could need surgery. We present a minimally invasive technique using a radiofrequency microdebrider to treat the tendinosis.Key words: achilles tendon; tendinosis; radiofrequency.</subfield>
   </datafield>
   <datafield ind1="8" ind2=" " tag="024">
      <subfield code="a">Sánchez Gómez R, López Capapé D, López-López D, Rodríguez Sanz D, Soriano Medrano A, Morales Ponce A. Uso de la microtenotomía por radiofrecuencia con el dispositivo Topaz® para el tratamiento de la tendinopatía aquílea no insercional. Revista Internacional de Ciencias Podológicas. 2013;7(1):57-66.</subfield>
   </datafield>
   <datafield ind1="8" ind2=" " tag="024">
      <subfield code="a">1887-7249</subfield>
   </datafield>
   <datafield ind1="8" ind2=" " tag="024">
      <subfield code="a">10.5209/rev_ricp.2013.v7.n1.41121</subfield>
   </datafield>
   <datafield ind1="8" ind2=" " tag="024">
      <subfield code="a">https://hdl.handle.net/20.500.14352/125507</subfield>
   </datafield>
   <datafield ind1="8" ind2=" " tag="024">
      <subfield code="a">1989-5151</subfield>
   </datafield>
   <datafield ind1="8" ind2=" " tag="024">
      <subfield code="a">https://doi.org/10.5209/REV_RICP.2013.V7.N1.41121</subfield>
   </datafield>
   <datafield ind1="8" ind2=" " tag="024">
      <subfield code="a">https://revistas.ucm.es/index.php/RICP/article/view/41121</subfield>
   </datafield>
   <datafield ind2="0" ind1="0" tag="245">
      <subfield code="a">Uso de la microtenotomía por radiofrecuencia con el dispositivo Topaz® para el tratamiento de la tendinopatía aquílea no insercional</subfield>
   </datafield>
</record></metadata></record></GetRecord></OAI-PMH>